| Tag |
First Indicator |
Second Indicator |
Subfields |
| LEADER |
00000cam a2200000 i 4500 |
| 001 |
in00004599178 |
| 003 |
OCoLC |
| 005 |
20221110214659.0 |
| 008 |
220331t20222022enk b 001 0 eng d |
| 035 |
|
|
|a (OCoLC)1306525059
|
| 040 |
|
|
|a YDX
|e rda
|c YDX
|d COO
|d BDX
|
| 020 |
|
|
|a 9781914477300
|q (paperback)
|
| 020 |
|
|
|a 1914477308
|q (paperback)
|
| 020 |
|
|
|a 9781914477294
|q (hardcover)
|
| 020 |
|
|
|a 1914477294
|q (hardcover)
|
| 020 |
|
|
|z 9781914477324
|q (electronic book)
|
| 043 |
|
|
|a e-uk---
|
| 050 |
|
4 |
|a PR505
|b .S55 2022
|
| 082 |
0 |
|
|a 821.009
|2 23/eng/20221007
|
| 100 |
1 |
|
|a Shipp, Leo,
|e author.
|
| 245 |
1 |
4 |
|a The poets laureate of the long eighteenth century, 1668-1813 :
|b courting the public /
|c Leo Shipp.
|
| 264 |
|
1 |
|a London :
|b University of London Press, School of Advanced Study, Institute of Historical Research,
|c [2022].
|
| 264 |
|
4 |
|c ©2022.
|
| 300 |
|
|
|a x, 276 pages ;
|c 25 cm.
|
| 336 |
|
|
|a text
|b txt
|2 rdacontent
|
| 337 |
|
|
|a unmediated
|b n
|2 rdamedia
|
| 338 |
|
|
|a volume
|b nc
|2 rdacarrier
|
| 490 |
1 |
|
|a New historical perspectives
|
| 504 |
|
|
|a Includes bibliographical references (pages [245]-268) and index.
|
| 650 |
|
0 |
|a Poets laureate
|z Great Britain
|x History
|y 18th century.
|
| 830 |
|
0 |
|a New historical perspectives.
|
| 945 |
|
|
|b 480422
|
| 947 |
|
|
|a A14851362039
|
| 948 |
|
|
|a dmitchel 11/9/22 3.44.28
|
| 980 |
|
|
|b print
|c 40031340002
|f NONFIC/B
|g 565714
|k USD
|m 81.00
|q 1
|s AcqMono Conventional
|t Approval plan
|u Vendor order reference number
|v ZYBP
|y Print approval
|z Physical resource
|
| 999 |
f |
f |
|i efcb139b-e8a6-493f-ad25-56061dc84c19
|s 6072847e-7d70-4ed9-900e-2b93134cb0b5
|t 0
|
| 952 |
f |
f |
|p normal
|a Texas A&M University
|b College Station
|c Sterling C. Evans Library
|d Evans: Library Stacks
|t 0
|e PR505 .S55 2022
|h Library of Congress classification
|i unmediated -- volume
|m A14851362039
|
| 998 |
f |
f |
|a PR505 .S55 2022
|t 0
|l Evans: Library Stacks
|